Java lập trình cơ sở dữ liệu

Na minha lista:
Detalhes bibliográficos
Autor principal: Nguyễn, Tiến
Formato: Livro
Idioma:Undetermined
Publicado em: Hà Nội Thống kê 2001
Assuntos:
Tags: Adicionar Tag
Sem tags, seja o primeiro a adicionar uma tag!
Thư viện lưu trữ: Trung tâm Học liệu Trường Đại học Cần Thơ
LEADER 00520nam a2200181Ia 4500
001 CTU_94920
008 210402s9999 xx 000 0 und d
082 |a 005.711 
082 |b T305 
100 |a Nguyễn, Tiến 
245 0 |a Java lập trình cơ sở dữ liệu 
245 0 |c Nguyễn Tiến 
260 |a Hà Nội 
260 |b Thống kê 
260 |c 2001 
650 |a Java (Computer program language) 
904 |i Trúc 
980 |a Trung tâm Học liệu Trường Đại học Cần Thơ